| 000 | 00365cam a2200145ua 4500 | ||
|---|---|---|---|
| 041 |
_aeng _h |
||
| 082 |
_a823.301 _bPYA/SA |
||
| 100 | _aPyarelal, . | ||
| 245 |
_aSanthinikethan pilgrimage / _cPyarelal. _hTextual Documents |
||
| 260 |
_aAhmadabad : _bNavajivan publishing house , _c1958. |
||
| 300 | _a27 ; . | ||
| 504 | _a | ||
| 942 | _cBK | ||
| 999 |
_c4316 _d4316 |
||